00910cam a22002531 4500001001300000003000400013005001700017008004100034010001700075035001900092040001800111042001200129050001600141082000800157100002000165245004500185260003900230300005800269490008400327500008600411500004400497650005300541810006200594gs 51000117 DLC20260227111357.0760728s1951 xx 000 0 eng  ags 51000117  a(OCoLC)2338946 aDLCcOTUdDLC apremarc00aTN24.N3bK7 a5531 aKral, Victor E.10aMineral resources of Nye County, Nevada. aReno,bUniversity of Nevedac1951. axii, 223 p.billus., 8 fold. maps (in pocket)c25 cm.1 aUniversity of Nevada bulletin,vv. 45 , no. 3 Geology and mining series, no. 50 a"Publication of the Nevada State Bureau of Mines and the Mackay School of Mines." a"Recommended references": p. [219]-220. 0aMines and mineral resourceszNevadazNye County.1 aNevada.bUniversity. Geology and mining series ;vno. 50.